[Event "Aeroflot Open 2017"]
[Site "Moscow"]
[Date "2017.02.24"]
[Round "4"]
[White "Praggnanandhaa R"]
[Black "Van Foreest, Jorden"]
[Result "0-1"]
[WhiteElo "2455"]
[BlackElo "2584"]
[Annotator "TA"]
[PlyCount "78"]
[EventDate "2017.??.??"]

1. Nf3 d5 2. g3 Nc6 3. d4 {?ev?.} Bf5 4. Bg2 Nb4 5. Na3 e6 6. O-O h6 7. c3 Nc6
8. c4 Bxa3 9. bxa3 dxc4 10. Qa4 Be4 {Threatening ...Qd5.} 11. Qxc4 Qd5 12. Qa4
Nge7 13. Bb2 b5 14. Qd1 O-O 15. e3 Na5 16. Bc3 Nc4 17. a4 a6 18. Ne1 Rfb8 19.
a3 (19. Bxe4 $11 Qxe4 20. Nd3) 19... Bxg2 $15 20. Nxg2 Qc6 $36 {Black has some
pressure.} 21. Bb4 Nd5 22. a5 Rd8 23. Qb3 e5 24. Rfd1 exd4 25. Rxd4 Nxb4 26.
Rxd8+ $2 ({Don't take} 26. axb4 $2 Nd2 27. Qb2 Nf3+ 28. Kh1 Nxd4 29. exd4 Rd6
$19) (26. Qxb4 {was the only chance.} Qf6 27. Rad1) 26... Rxd8 $19 27. Qxb4 Qf3
28. Qb3 Nd2 29. Qc2 Qe2 30. Kh1 $2 (30. Qxc7 {was forced.} Nf3+ 31. Kh1) 30...
c5 31. f4 c4 32. Rd1 Rd3 33. Re1 Qh5 {[#] And now ...Nf3 would win.} 34. Nh4
Qd5+ 35. e4 Nxe4 {( -> ...Nf2+)} 36. Qg2 c3 (36... Rd1 $142 37. Nf3 c3) 37. Nf3
{[#]} Rd2 $1 38. Nxd2 cxd2 39. Rd1 Nf2+ 0-1

[Event "Aeroflot Open 2017"]
[Site "Moscow"]
[Date "2017.02.24"]
[Round "4"]
[White "Xu, Yi"]
[Black "Idani, Pouya"]
[Result "0-1"]
[WhiteElo "2444"]
[BlackElo "2563"]
[Annotator "TA"]
[PlyCount "74"]
[EventDate "2017.??.??"]

1. e4 c5 2. Nf3 d6 3. Bb5+ Nd7 4. O-O a6 5. Bd3 Ngf6 6. Re1 g6 7. c3 Bg7 8. Bc2
{LiveBook: 25 Games} b5 9. d4 cxd4 10. cxd4 {White has an edge.} Bb7 11. e5
dxe5 12. dxe5 Nd5 13. e6 fxe6 14. Ng5 ({Much worse is} 14. Rxe6 Nc5 15. Re2 O-O
$17) 14... Nc5 $1 {[#]} 15. Nxh7 $1 Qd6 {...0-0-0 is the strong threat.} (15...
Rxh7 16. Bxg6+) 16. Bxg6+ Kd7 $1 {aiming for ...Rag8.} 17. h3 $2 {[#]} (17. Nd2
$11 {and White has nothing to worry.}) 17... Rag8 $1 $19 {White must now
prevent ...Be5.} 18. Ng5 $2 (18. Nd2 {was the only chance.} Bc3 19. bxc3 Rxg6
20. Nf3 Nxc3 21. Qxd6+ exd6 22. Nhg5) 18... Bf6 19. Nf7 {[#]} Rxg6 $1 20. Nxd6
exd6 21. g3 {White wants to play Kh2.} Rxh3 {( -> ...Ne3!)} 22. Kf1 Nb4 23. Ke2
Nbd3 24. Rf1 {[#]} Rgxg3 $1 25. fxg3 Rh2+ 26. Ke3 Bg5+ 27. Rf4 {If only White
now had time for Qg4....} Nxf4 28. gxf4 Rh3+ 29. Kf2 Bh4+ 30. Kf1 Rh1+ 31. Ke2
{[#]} Bf3+ $1 32. Kxf3 Rxd1 33. Nc3 Rf1+ 34. Ke2 Rf2+ 35. Ke3 Rc2 36. Rb1 Bf2+
37. Kf3 Nd3 0-1

[Event "Aeroflot Open 2017"]
[Site "Moscow"]
[Date "2017.02.25"]
[Round "5"]
[White "Inarkiev, Ernesto"]
[Black "Cordova, Emilio"]
[Result "1-0"]
[WhiteElo "2723"]
[BlackElo "2655"]
[Annotator "TA"]
[PlyCount "61"]
[EventDate "2017.??.??"]

1. e4 e6 2. d4 d5 3. Nc3 {??.} dxe4 4. Nxe4 Nd7 5. Nf3 Ngf6 6. Bg5 h6 7. Nxf6+
Nxf6 8. Be3 Bd6 9. Bd3 b6 10. Ne5 O-O 11. Qe2 Bb7 12. O-O-O c5 ({Don't go for} 
12... Bxg2 $2 13. Rhg1 Bxe5 14. dxe5 $18) 13. f4 Qc7 14. Rhe1 Rfd8 15. dxc5
Bxc5 16. Bxc5 Qxc5 17. g4 Qb4 (17... Rd4 $1 $11 {keeps the balance.}) 18. Rf1 {
[#] Threatens to win with g5.} Nd5 19. c4 Qc5 $1 20. g5 $1 $36 {Black is under
pressure.} Qe3+ 21. Rd2 {Strongly threatening gxh6.} Qxe2 22. Rxe2 Nb4 23. Bb1
{Black must now prevent gxh6.} Rac8 24. gxh6 {[#] h7+ is the strong threat.}
gxh6 ({Better is} 24... Rc7 $14) 25. f5 $16 exf5 $2 (25... Nc6 $16 {might work
better.}) 26. Rg1+ ({Weaker is} 26. Rxf5 Rc7 $16) 26... Kf8 27. Bxf5 Nxa2+ 28.
Kb1 Nb4 29. Bh7 {White wants to mate with Nd7+!} ({Not} 29. Bxc8 Bxc8 30. Rf1
f5 $18) 29... f5 (29... Ke7 $142 30. Nc6+ Kd7) 30. Rg8+ $18 Ke7 31. Nc6+ $1 1-0

[Event "Aeroflot Open 2017"]
[Site "Moscow"]
[Date "2017.02.25"]
[Round "5"]
[White "Movsesian, Sergei"]
[Black "Indjic, Aleksandar"]
[Result "1-0"]
[WhiteElo "2679"]
[BlackElo "2560"]
[Annotator "TA"]
[PlyCount "127"]
[EventDate "2017.??.??"]

1. e4 e5 2. Nf3 Nc6 3. Bc4 Nf6 4. d3 h6 5. O-O d6 6. h3 g6 7. Bd2 g5 8. Nh2 d5
9. exd5 Nxd5 10. Qf3 Be6 11. Nc3 Nd4 12. Qe4 Nf6 (12... Bg7 $1 $11 13. Nf3
Nxf3+ 14. Qxf3 c6) 13. Qxb7 $16 (13. Qxe5 Bd6 14. Qa5 Bxc4 15. dxc4 O-O $11)
13... Rb8 14. Qa6 $1 (14. Qxa7 $6 Ra8 15. Qb7 Bxc4 16. dxc4 Rb8 $11) 14... Rb6
15. Qxa7 Bd7 ({Don't go for} 15... Rxb2 $2 16. Rfb1 Rxb1+ 17. Rxb1 $18) ({
Better is} 15... Bd6) 16. Nd5 Nxd5 17. Bxd5 Rb5 ({Don't take} 17... Nxc2 $2 18.
Rac1 Rb5 {[#]} 19. Bxf7+ $1 Kxf7 20. Rxc2 $18) 18. Bc4 Bc5 19. Qa6 Rxb2 20.
Rae1 Bd6 21. Ng4 (21. Bc3 $142 Rb6 22. Qa5) 21... Bxg4 22. hxg4 Rxc2 23. Qa4+
Kf8 24. Be3 Rb2 25. Bxd4 exd4 26. g3 h5 (26... Kg7 $14) 27. gxh5 (27. Bb3 $18
c5 28. gxh5) 27... Rxh5 28. Qd1 Rh6 29. Qg4 $36 {White is more active.} Qf6 30.
Rb1 Rb6 31. Rxb6 cxb6 32. Re1 Rh8 33. Bd5 Kg7 34. a4 Bc5 $2 ({Black should play
} 34... Rd8 $14) 35. Rc1 $2 (35. f4 $18 {Hoping for Re5.} Qg6 36. Qxg5) 35...
Rd8 36. Be4 Bb4 (36... Be7 $16) 37. Rc6 $18 Rd6 38. Rc7 Be1 (38... Re6 {
is a better defense.} 39. Kg2 Re5) 39. Qe2 (39. f4 $18) 39... Bb4 40. Qh5 Be1
41. Qe2 (41. Qh7+ $142 Kf8 42. Bf5) 41... Bb4 $1 $16 42. Kf1 Qd8 (42... Re6 $16
) 43. Ra7 Rh6 44. Qg4 Qf6 45. Kg1 {aiming for f4.} Rh8 (45... Qe5 $16 {might
work better.}) 46. Rc7 $18 Rd8 47. Kf1 Be7 48. Kg2 (48. Qh3 $142 {Rxe7! is the
strong threat.} Kf8 49. Qh7) 48... Qe5 49. Rb7 {Strongly threatening Qh3.} Qf6
50. Bf3 Bc5 (50... Rd6 $142) 51. Qe4 $16 Qg6 52. Qe5+ Qf6 53. Qe2 Qf5 54. Be4
Qf6 55. Qc2 {Threatens to win with a5!} Qd6 56. Qc1 Kf6 {[#]} (56... Rd7 $16
57. Rxd7 Qxd7 58. Qxg5+ Kf8) 57. Qh1 ({White must play} 57. a5 $1 $18 {And now
Qh1 would win.} Rb8 (57... bxa5 58. Qh1) 58. a6 Rxb7 59. axb7 (59. Bxb7 b5 60.
Qh1 Ke7 $16)) 57... Rd7 58. Qh6+ Ke7 59. Qxg5+ Ke8 $2 (59... Kf8 60. Rxd7 Qxd7)
60. Qg8+ $18 Ke7 61. Rb8 Rd8 {[#]} 62. Qg5+ $1 {White mates.} Ke8 63. Rxd8+
Qxd8 64. Bc6+ 1-0

[Event "Aeroflot Open 2017"]
[Site "Moscow"]
[Date "2017.02.25"]
[Round "5"]
[White "Sjugirov, Sanan"]
[Black "Alekseenko, Kirill"]
[Result "1-0"]
[WhiteElo "2673"]
[BlackElo "2588"]
[Annotator "TA"]
[PlyCount "85"]
[EventDate "2017.??.??"]

1. e4 c5 2. Nf3 d6 3. d4 cxd4 4. Nxd4 Nf6 5. Nc3 Nc6 6. Bg5 Qb6 7. Nb3 e6 8.
Bxf6 gxf6 9. Qd2 Bd7 10. Be2 h5 11. f4 a6 12. O-O-O O-O-O 13. Rhf1 Kb8 14. Rf3
Be7 15. Kb1 h4 16. a3 {LiveBook: 4 Games} Rc8 17. Qe1 Na5 18. Ka2 {White is
slightly better.} Nxb3 19. cxb3 Bc6 20. Rfd3 Qc5 21. Bf3 Rc7 22. h3 b5 23. Ne2
Bb7 24. Nd4 Rcc8 25. Rc3 Qb6 26. Rxc8+ Kxc8 27. f5 e5 28. Nc2 Kd7 29. Ne3 Bd8
30. Qd2 Ke7 (30... Qd4 $16) 31. Nd5+ $18 Bxd5 32. Qxd5 ({Reject} 32. exd5 $6 a5
$11) 32... b4 {[#]} 33. a4 $1 a5 34. Rc1 Qb8 35. Rc6 Bb6 36. Be2 Bc5 37. Bc4
Rf8 38. Ra6 ({But not} 38. Rxc5 $6 dxc5 39. Qxc5+ Qd6 40. Qa7+ Qd7 41. Qxa5 Rg8
42. Qxb4+ Qd6 43. Qb7+ Qd7 $18) 38... Qc7 39. Rc6 $2 ({White should try} 39.
Qd1 $18) 39... Qa7 $2 (39... Qb8 $1 $11 {and Black has nothing to worry.}) 40.
Kb1 Kd7 $2 (40... Qd7 41. Ka2 Qa7) 41. Ra6 Qc7 {and the idea .. .Ke7 leaves
Black hopeful.} 42. Bb5+ Ke7 {[#]} 43. Rxa5 $3 1-0

[Event "Aeroflot Open 2017"]
[Site "Moscow"]
[Date "2017.02.25"]
[Round "5"]
[White "Vidit, Santosh Gujrathi"]
[Black "Sandipan, Chanda"]
[Result "1-0"]
[WhiteElo "2673"]
[BlackElo "2573"]
[Annotator "TA"]
[PlyCount "109"]
[EventDate "2017.??.??"]

1. Nf3 f5 2. g3 g6 3. Bg2 Bg7 4. d4 Nf6 5. b3 O-O 6. Bb2 d6 7. O-O Ne4 8. Nbd2
Nc6 9. Ne1 Nxd2 10. Qxd2 e5 11. Bd5+ Kh8 12. Bxc6 bxc6 13. dxe5 dxe5 14. Rd1 {
LiveBook: 3 Games} Qxd2 15. Rxd2 e4 16. Bxg7+ $1 {White is better.} Kxg7 17. f3
Re8 18. Ng2 g5 19. h4 h6 20. fxe4 Rxe4 21. hxg5 hxg5 22. Rf3 $1 Be6 ({Black
should play} 22... Kf6 $14) 23. Rc3 $1 $16 Bd5 24. Ne3 Be6 25. Nf1 Bd5 26. Rc5
$1 Re7 27. c4 Be4 {[#]} 28. g4 $1 f4 (28... fxg4 29. Rxg5+) 29. Rxg5+ Kf6 30.
Rh5 a5 31. Kf2 a4 32. Rd4 axb3 33. axb3 {Threatens to win with Nd2.} Rae8 34.
Rc5 Rh8 35. b4 Rh4 36. Rxe4 (36. Rh5 $14 Rxh5 37. gxh5) 36... Rxe4 $11 37.
Rxc6+ $14 {Endgame KRR-KRN} Ke7 38. Rxc7+ Kd6 39. Rc8 {Black should prevent b5.
} Rh3 ({Don't go for} 39... Rxg4 $2 40. Kf3 Rg1 41. Kxe4 $18) 40. b5 {Black
must now prevent b6.} Kd7 41. Rc5 {Strongly threatening Nd2.} Rd4 $1 42. g5 {
g6 is the strong threat.} Rd1 43. Kg2 Rh8 $2 {[#]} (43... Rc3 $11) 44. Nh2 $1
$18 Rd2 (44... Re8 $142) 45. Ng4 Rxe2+ 46. Kf3 Re1 {[#]} 47. g6 $1 ({Less
strong is} 47. Kxf4 Rf1+ 48. Ke3 Rh3+ 49. Ke2 Rb1 50. Rd5+ Kc7 $14) 47... Rf1+
(47... Rhh1 $142 48. Kxf4 Rhf1+ 49. Kg5 Rg1) 48. Ke2 Ra1 49. Kf3 (49. g7 $142
Rb8 50. Rg5) 49... Rf1+ 50. Ke2 $2 (50. Ke4 Re1+ 51. Kxf4 Rf8+ 52. Kg5) 50...
Ra1 $1 {aiming for ...Rh3.} 51. g7 {White is clearly winning.} Rh3 52. Rd5+ Kc7
53. g8=Q {Qd8+ would kill now.} Ra2+ 54. Rd2 f3+ 55. Ke1 1-0

[Event "Aeroflot Open 2017"]
[Site "Moscow"]
[Date "2017.02.25"]
[Round "5"]
[White "Motylev, Alexander"]
[Black "Karthikeyan, Murali"]
[Result "1/2-1/2"]
[WhiteElo "2663"]
[BlackElo "2578"]
[Annotator "TA"]
[PlyCount "81"]
[EventDate "2017.??.??"]

1. e4 e5 2. Nf3 Nc6 3. Bb5 a6 4. Ba4 Nf6 5. O-O Be7 6. Re1 b5 7. Bb3 d6 8. c3
O-O 9. h3 Nb8 10. d4 Nbd7 11. Nbd2 Bb7 12. Bc2 Re8 13. Nf1 Bf8 14. Ng3 exd4 15.
cxd4 c5 {LiveBook: 4 Games} 16. d5 g6 17. Bg5 Bg7 {White has an edge.} 18. Qd2
Ne5 19. Nh2 Nc4 20. Qc1 Qa5 21. Bh6 Qxe1+ 22. Qxe1 Bxh6 23. b3 Na3 24. Bd3 $1
$36 {Strongly threatening Qa5. White has some pressure.} c4 (24... a5 $14) 25.
bxc4 $16 bxc4 {[#]} 26. Bxc4 $1 Nxc4 27. Qb4 {[#]} Bxd5 $1 28. exd5 Rac8 29.
Qb7 a5 30. Ng4 $1 Nxg4 31. hxg4 Bf4 {[#]} (31... Rc5 $16 32. f3 Nd2) 32. Ne4 $1
$18 {Hoping for Nf6+.} Kg7 (32... Rxe4 33. Qxc8+) 33. Rb1 Rcd8 34. f3 $1 h6 35.
Qb3 Rc8 36. a4 Rc7 37. Qc3+ (37. g3 $1 $18 Be5 38. Qd3) 37... Be5 $16 38. Qd3
Rec8 {intending ...Nb2.} 39. Qe2 Na3 {[#]} (39... Kh7 $16 40. g3 Bg7) 40. Rd1 (
40. Rf1 $1 $18 {has better winning chances.}) 40... Nc2 {[#]} 41. Qd2 ({
Better is} 41. g3 $1 $16) 1/2-1/2

[Event "Aeroflot Open 2017"]
[Site "Moscow"]
[Date "2017.02.25"]
[Round "5"]
[White "Najer, Evgeniy"]
[Black "Jobava, Baadur"]
[Result "1-0"]
[WhiteElo "2659"]
[BlackElo "2701"]
[Annotator "TA"]
[PlyCount "87"]
[EventDate "2017.??.??"]

1. e4 d6 2. d4 Nf6 3. Nc3 e5 4. Nf3 Nbd7 5. Bc4 Be7 6. O-O O-O 7. a4 a5 8. Qe2
c6 9. Rd1 Qc7 10. Ba2 {LiveBook: 22 Games} Nb8 11. h3 Na6 12. Be3 {White is
slightly better.} Nd7 13. Re1 exd4 14. Bxd4 Ndc5 15. Bc4 Re8 16. Rad1 h6 17.
Nd2 Bf8 18. Qh5 Nb4 19. Bxc5 dxc5 20. Rc1 Be6 21. Bxe6 Rxe6 ({But not} 21...
fxe6 $6 22. Nc4 $16) 22. Nc4 Rd8 23. Qg4 Be7 ({Black should play} 23... Bd6 $11
) 24. f4 $1 $14 Rd4 25. b3 (25. Ne3 $16) 25... Rg6 $11 26. Qf3 Bh4 27. Re3 $1
Rg3 28. Qf2 $1 {[#]} Rxh3 $1 29. g3 (29. Rxh3 Bxf2+) 29... Qc8 ({Black should
try} 29... Be7 $11) 30. Kg2 $1 $36 {White is really pushing.} ({Reject} 30.
gxh4 Rxc4 31. Rxh3 Qxh3 32. bxc4 Qxc3 $15) 30... Bd8 31. Ne2 Rh5 {Threatens to
win with ...b5.} 32. Nxd4 cxd4 (32... Qh3+ $5 33. Kf3 $8 cxd4 $14) 33. Ree1 b5
34. Ne5 bxa4 (34... Bc7 $1 $11 {remains equal.}) 35. Qxd4 $16 axb3 36. cxb3
Qh3+ $2 (36... Bf6 $16 {was called for.}) 37. Kf3 $18 Bh4 38. Rg1 {White is
clearly winning.} Bf6 {[#]} 39. Rh1 $1 Qxh1+ 40. Rxh1 Rxh1 41. Qd6 Bxe5 42.
Qxe5 Nd3 43. Qe8+ Kh7 {Now ...Rb1 and Black clings on.} 44. Kg2 1-0

[Event "Aeroflot Open 2017"]
[Site "Moscow"]
[Date "2017.02.25"]
[Round "5"]
[White "Iturrizaga Bonelli, Eduardo"]
[Black "Kamsky, Gata"]
[Result "1/2-1/2"]
[WhiteElo "2652"]
[BlackElo "2669"]
[Annotator "TA"]
[PlyCount "27"]
[EventDate "2017.??.??"]

1. Nf3 Nf6 2. c4 c6 3. Nc3 d5 4. e3 g6 5. d4 Bg7 6. Be2 O-O 7. O-O a6 8. a4 a5
9. cxd5 cxd5 10. b3 {LiveBook: 7 Games} Bg4 11. Ba3 Bxf3 12. Bxf3 Nc6 (12... h5
$11 {keeps the balance.}) 13. Rc1 ({White should play} 13. Qe2 $16) 13... Re8
14. Be2 1/2-1/2

[Event "Aeroflot Open 2017"]
[Site "Moscow"]
[Date "2017.02.25"]
[Round "5"]
[White "Gupta, Abhijeet"]
[Black "Moskalenko, Alexander"]
[Result "1-0"]
[WhiteElo "2645"]
[BlackElo "2488"]
[Annotator "TA"]
[PlyCount "81"]
[EventDate "2017.??.??"]

1. d4 d5 2. c4 c6 3. Nf3 {??.} Nf6 4. Nc3 a6 5. a4 Bf5 6. a5 e6 7. Qb3 Qc8 8.
Nh4 Bg6 9. Nxg6 hxg6 10. g3 Bd6 11. Bg2 Nbd7 12. O-O Rb8 13. Bg5 Nh7 14. Bd2 b5
(14... Ndf6 $16 {was called for.}) 15. cxd5 cxd5 16. e4 Qc4 17. Qxc4 dxc4 18.
e5 Bb4 19. Rfd1 O-O 20. Nd5 Bxd2 21. Ne7+ Kh8 {[#] And now ...c3 would win.}
22. Rxd2 Rbe8 23. Nc6 Nb8 24. Nb4 Re7 25. h4 f6 26. Re1 Rd8 27. f4 fxe5 28.
Rxe5 Nf8 29. d5 Red7 $2 {[#]} (29... Rd6 {was worth a try.} 30. Ree2 Kg8 31.
dxe6 Rxd2 32. Rxd2 Nxe6) 30. Rde2 $18 exd5 31. Bxd5 ({Weaker is} 31. Rxd5 Kh7
32. Bf3 Rxd5 33. Bxd5 Nfd7 $16) ({Not} 31. Nxd5 Nc6 $14) 31... Kh7 32. h5 {
White is clearly winning.} gxh5 33. Rxh5+ Kg6 34. Ree5 Rc7 35. Be4+ Kf7 36.
Rhf5+ Kg8 37. Nd5 Rcd7 38. Ne7+ Rxe7 39. Rxe7 Rd1+ 40. Kf2 Nbd7 41. Ke2 1-0

[Event "Aeroflot Open 2017"]
[Site "Moscow"]
[Date "2017.02.25"]
[Round "5"]
[White "Kuzubov, Yuriy"]
[Black "Grigoriants, Sergey"]
[Result "1-0"]
[WhiteElo "2643"]
[BlackElo "2564"]
[Annotator "TA"]
[PlyCount "103"]
[EventDate "2017.??.??"]

1. d4 Nf6 2. c4 e6 3. Nf3 d5 4. g3 Bb4+ 5. Bd2 Be7 6. Bg2 c6 7. O-O b6 {
LiveBook: 86 Games} 8. a4 a5 9. Ne5 Bb7 {The position is equal.} 10. Nc3 O-O
11. Qb3 Nbd7 12. Nxd7 Nxd7 13. cxd5 exd5 14. e4 dxe4 15. Nxe4 Nf6 (15... c5 $11
{keeps the balance.}) 16. Nxf6+ $1 $16 Bxf6 17. Rfd1 Rc8 18. Bf4 Re8 19. Rac1
h6 20. Bh3 Ra8 21. Bg2 Rc8 $1 (21... Bxd4 $2 22. Be3 $18 (22. Bxc6 Bxc6 23.
Rxc6 Re2 $11)) 22. Be5 (22. h4 $16) 22... Bg5 (22... Bxe5 $11 {remains equal.}
23. dxe5 Qc7) 23. Rc3 Qd7 24. h4 Bd8 25. Kh2 Qe7 (25... Ra8 $16) 26. Re3 $18 {
And now Bxg7! would win.} Qb4 27. Qc2 Bf6 28. Bxf6 Rxe3 29. fxe3 gxf6 30. Qf5
Qd6 ({Don't go for} 30... Qxa4 $2 31. Rf1 Qb3 32. Qg4+ (32. Qxf6 Ba6 $16) 32...
Kf8 33. Qd7 $18) (30... Re8 $16) 31. Be4 $1 Kf8 32. Qh7 f5 33. Qxf5 ({But not} 
33. Bxf5 $6 Re8 $16) 33... Re8 (33... Qe6 $142 34. Rd3 Qxf5 35. Bxf5 Rb8) 34.
Rf1 Qe6 35. Qf4 (35. Qh7 $142 Bc8 36. Rf5) 35... Re7 36. Bg2 $1 Qxe3 37. Qf6
Kg8 {[#]} 38. Rf4 (38. Qd6 $1 $18) 38... Qe6 $16 {[#]} 39. Rg4+ $1 Qxg4 40.
Qxe7 Qc8 41. Qf6 Qd7 {[#]} 42. d5 $1 $36 {Black is under strong pressure.} cxd5
43. Qxb6 Bc8 44. Qxh6 {aiming for Qb6.} d4 (44... Qd8 $16 {might work better.}
45. b3 Be6) 45. Qg5+ $18 Kf8 {intending ...d3.} 46. h5 (46. Qxa5 $18 {Strongly
threatening Qc5+.} d3 47. Qd2) 46... Qg4 (46... Qf5 $16 47. Qd8+ Kg7) 47. Qxa5
Bf5 48. h6 Kg8 (48... f6 $142 49. Qd8+ Kf7 50. Qc7+ Bd7) 49. Qe5 d3 {[#]} 50.
Bf3 $1 Qh3+ (50... Qg6 {was necessary.} 51. Kg2 d2) (50... Qxf3 51. Qg7#) 51.
Kg1 f6 52. Qc7 1-0

[Event "Aeroflot Open 2017"]
[Site "Moscow"]
[Date "2017.02.25"]
[Round "5"]
[White "Khismatullin, Denis"]
[Black "Smirin, Ilia"]
[Result "1/2-1/2"]
[WhiteElo "2639"]
[BlackElo "2670"]
[Annotator "TA"]
[PlyCount "45"]
[EventDate "2017.??.??"]

1. d4 Nf6 2. c4 c5 3. Nf3 cxd4 4. Nxd4 e6 5. g3 a6 6. Bg2 Qc7 7. Nc3 Qxc4 8.
Bf4 {LiveBook: 31 Games. Hoping for Rc1.} Nc6 9. Nb3 d5 10. Rc1 {Nxd5 is the
strong threat. The position is equal.} Qb4 11. O-O Be7 $1 12. e4 dxe4 13. Bc7 {
[#]} Nd5 $1 14. a3 {[#]} (14. Nxd5 exd5) 14... Nxc3 $1 15. Rxc3 ({Don't play} 
15. axb4 Nxd1 16. Rfxd1 f5 $17) (15. bxc3 Qa4) 15... Qb5 16. Bxe4 {aiming for
Qc2.} O-O 17. Re1 a5 18. Qc2 {Black must now prevent Rxc6. White has
compensation.} Qh5 19. Bf3 $36 {White has good play.} Qh3 20. Bg2 Qh5 21. Bf3
Qh3 22. Bg2 Qh5 23. Rc4 1/2-1/2

[Event "Aeroflot Open 2017"]
[Site "Moscow"]
[Date "2017.02.25"]
[Round "5"]
[White "Kobalia, Mikhail"]
[Black "Gordievsky, Dmitry"]
[Result "1/2-1/2"]
[WhiteElo "2628"]
[BlackElo "2564"]
[Annotator "TA"]
[PlyCount "74"]
[EventDate "2017.??.??"]

1. e4 c5 2. Nf3 d6 3. d4 cxd4 4. Nxd4 Nf6 5. f3 e5 6. Nb3 Be7 7. c4 a5 8. Be3
Be6 9. Nc3 a4 10. Nd2 Qa5 11. Be2 {LiveBook: 22 Games} Nc6 12. Nb5 O-O 13. O-O
{White is slightly better.} Bd8 14. Kh1 (14. Nxd6 Bb6 15. Bxb6 Qxb6+ 16. Kh1
Nd4 $17) 14... Bb6 15. Bg5 Nh5 16. Nb1 ({Much worse is} 16. Nxd6 h6 17. Bh4 Be3
$17) 16... Bc5 17. N1c3 ({Much weaker is} 17. Nxd6 a3 18. b4 Bxb4 $19) 17... a3
18. b3 h6 19. Bd2 Qd8 20. Nd5 Bxd5 21. cxd5 Nd4 22. Nxd4 Bxd4 23. Rc1 Qb6 24.
Rc4 Rfc8 25. g3 Rxc4 26. Bxc4 (26. bxc4 $2 {is the wrong capture.} Qb2 27. c5
Qxa2 28. cxd6 Qb2 $19) 26... Nf6 27. Qe2 Bb2 28. Be3 Qb4 29. Qd2 Qxd2 30. Bxd2
Kf8 31. Bb4 Ke7 32. Rf2 Nd7 33. Rc2 Nc5 34. Bb5 b6 35. Kg2 Ra7 36. Bc4 Rb7 37.
Bb5 Ra7 $1 1/2-1/2

[Event "Aeroflot Open 2017"]
[Site "Moscow"]
[Date "2017.02.25"]
[Round "5"]
[White "Buhmann, Rainer"]
[Black "Vitiugov, Nikita"]
[Result "0-1"]
[WhiteElo "2625"]
[BlackElo "2724"]
[Annotator "TA"]
[PlyCount "60"]
[EventDate "2017.??.??"]

1. Nf3 d6 2. d4 Nf6 3. c4 g6 4. Nc3 Bf5 5. Nh4 Bd7 6. Nf3 Bg7 7. e4 O-O 8. Be2
c5 9. d5 e6 10. O-O exd5 11. exd5 Re8 12. h3 {LiveBook: 3 Games} Na6 13. a3 Nc7
14. Rb1 {White has an edge.} Rb8 15. Bf4 b5 16. cxb5 Nxb5 17. Bxb5 Bxb5 18.
Nxb5 Rxb5 19. Qd3 a6 20. b3 Qa8 21. Bxd6 Nxd5 22. Qc4 Nb6 $36 {Black fights
for an advantage.} 23. Qc2 Qc6 24. a4 Nxa4 $1 ({Don't play} 24... Qxd6 $6 25.
axb5 axb5 26. Rfd1 $16) 25. bxa4 ({White should try} 25. Bg3 $15 Nc3 26. Rbe1)
25... Rxb1 $17 26. Rxb1 Qxd6 27. Qc4 Bd4 28. Rb7 Qf4 29. Kf1 $2 {[#]} (29. Kh1
$17) 29... Re1+ $1 $19 30. Kxe1 {[#]} Bxf2+ $1 0-1

[Event "Aeroflot Open 2017"]
[Site "Moscow"]
[Date "2017.02.25"]
[Round "5"]
[White "Oparin, Grigoriy"]
[Black "Sasikiran, Krishnan"]
[Result "1/2-1/2"]
[WhiteElo "2625"]
[BlackElo "2674"]
[Annotator "TA"]
[PlyCount "99"]
[EventDate "2017.??.??"]

1. e4 c5 2. Nf3 d6 3. d4 cxd4 4. Nxd4 Nf6 5. Nc3 a6 6. h3 e5 7. Nde2 h5 8. Bg5
Be6 9. Bxf6 Qxf6 10. Nd5 Qd8 11. Qd3 Nd7 {LiveBook: 16 Games} 12. O-O-O g6 13.
Nec3 b5 14. a3 Rb8 15. h4 Nc5 16. Qe2 Bd7 17. g3 a5 18. Bh3 {[#] Bxd7+ is the
strong threat.} Bc6 {Threatens to win with ...b4.} 19. b4 $1 Ne6 20. Qd3 Nd4
21. f4 Ra8 22. Rhf1 Bh6 23. Kb2 O-O 24. f5 Ra7 25. Ra1 Kh7 26. g4 Qxh4 (26...
Bxd5 $14 27. Nxd5 hxg4 28. Bxg4 axb4) 27. fxg6+ $16 fxg6 28. Rxf8 Bxf8 29. gxh5
gxh5 30. Rh1 Qg5 31. Qd1 axb4 32. Nxb4 Be8 33. Nbd5 (33. Ncd5 $14) 33... Bh6
34. Rg1 Qh4 $36 {Black has good play.} 35. Qf1 Rf7 36. Bf5+ $1 Nxf5 37. exf5
Rg7 38. Rh1 {White has compensation.} Qd4 39. f6 (39. Nf6+ $14 Kh8 40. Nxe8)
39... Rb7 $11 40. Qf5+ Bg6 41. Qc8 Rf7 42. Ne7 $1 Rxe7 43. fxe7 b4 44. axb4
Qxb4+ 45. Ka1 {[#] aiming for Rg1.} Bg7 (45... Qa5+ $15 46. Na2 e4) 46. Na2 {
The position is equal.} Qa4 {And now ...Qa7 would win.} (46... e4+ $5 47. c3 $8
Qa5 $11) 47. c3 Bf7 48. Qf5+ Kg8 49. Qc8+ Kh7 50. Qf5+ 1/2-1/2

[Event "Aeroflot Open 2017"]
[Site "Moscow"]
[Date "2017.02.25"]
[Round "5"]
[White "Jumabayev, Rinat"]
[Black "Zhigalko, Andrey"]
[Result "1-0"]
[WhiteElo "2611"]
[BlackElo "2571"]
[Annotator "TA"]
[PlyCount "91"]
[EventDate "2017.??.??"]

1. e4 c5 2. Nf3 d6 3. d4 cxd4 4. Qxd4 Nc6 5. Bb5 Bd7 6. Qd3 g6 7. O-O Bg7 8. c4
Nf6 9. h3 O-O 10. Nc3 a6 11. Bxc6 Bxc6 12. Nd4 {LiveBook: 45 Games} Qb6 13. Rd1
Nd7 14. Be3 {White is slightly better.} Qxb2 15. Rab1 Qa3 16. Nxc6 bxc6 17. Nd5
$1 Qxd3 18. Nxe7+ (18. Rxd3 $2 {perishes.} cxd5 19. Rxd5 Nf6 $19) 18... Kh8 19.
Rxd3 Ne5 $1 20. Rxd6 {Hoping for Rc1.} Rae8 21. Nxc6 {[#] Na5 is the strong
threat.} Nxc4 22. Rd3 {Black must now prevent Bc5.} Rxe4 23. Ba7 h5 24. g3 Re6
25. Nd4 Re4 26. Nf3 Kg8 27. Rb7 Re6 28. Rd5 Nd6 29. Rd7 Ne4 {aiming for ...Nf6.
} 30. Rb7 Rc8 31. Kg2 Rd6 32. Ra5 Bf6 33. g4 hxg4 34. hxg4 Rc2 (34... Re6 $11)
35. g5 $14 Bc3 $2 ({Black should try} 35... Ba1 $14) 36. Ra4 $18 Nd2 $2 (36...
Re2 37. Re7 Ng3) 37. Rb8+ Kg7 38. Nd4 (38. Rc8 $142) 38... Rb2 {[#]} 39. Rc8 $1
Rb7 $2 (39... Rb4 40. Rxb4 Bxb4) 40. Bc5 {White is clearly winning.} Rd5 41.
Bf8+ Kh7 42. Ne6 {White wants to mate with Rh4+.} fxe6 43. Rh4+ ({Stronger than
} 43. Rxc3 Rxg5+ 44. Rg3 Rxg3+ 45. Kxg3 Rc7 $11) 43... Kg8 44. Bb4+ Kg7 45.
Bxc3+ e5 46. Rch8 1-0